LEADER 02324nam a2200565 a 4500
001 nkc20102096964
003 CZ PrNK
005 20121026152146.0
007 ta
008 100416s2010 xr e p 001 0 cze
015 |a cnb002096964 
020 |a 978-80-7400-313-4  |q (brož.) 
035 |a (OCoLC)649801313 
040 |a ABA001  |b cze  |d BOA001 
043 |a e------ 
072 7 |a 341  |x Mezinárodní právo  |2 Konspekt  |9 16 
072 7 |a 37.016  |x Učební osnovy. Vyučovací předměty. Učebnice  |2 Konspekt  |9 22 
080 |a 005.72  |2 MRF 
080 |a 341.171  |2 MRF 
080 |a 341.64  |2 MRF 
080 |a 341.232.3  |2 MRF 
080 |a (4)  |2 MRF 
080 |a (075)  |2 MRF 
100 1 |a Svoboda, Pavel,  |d 1962 duben 9.-  |7 jn20000710629  |4 aut 
245 1 0 |a Úvod do evropského práva /  |c Pavel Svoboda 
250 |a 3. vyd. 
260 |a Praha :  |b C.H. Beck,  |c 2010 
300 |a xx, 304 s. ;  |c 24 cm 
490 1 |a Beckovy mezioborové učebnice 
504 |a Obsahuje bibliografie, bibliografické odkazy a rejstřík 
610 2 7 |a Evropská unie  |7 kn20010711086  |2 czenas 
610 2 7 |a Soudní dvůr Evropských společenství  |7 kn20040130013  |2 czenas 
650 0 7 |a institucionální struktura  |7 ph164238  |z země Evropské unie  |2 czenas 
650 0 7 |a evropské právo  |7 ph121776  |2 czenas 
650 0 7 |a mezinárodní soudnictví  |7 ph122826  |z země Evropské unie  |2 czenas 
650 0 7 |a mezinárodní právo hospodářské  |7 ph122816  |z země Evropské unie  |2 czenas 
650 0 9 |a institutional structure  |z European Union countries  |2 eczenas 
650 0 9 |a European law  |2 eczenas 
650 0 9 |a administration of international justice  |z European Union countries  |2 eczenas 
650 0 9 |a international economic law  |z European Union countries  |2 eczenas 
655 7 |a učebnice  |7 fd133770  |2 czenas 
655 9 |a textbooks  |2 eczenas 
830 0 |a Beckovy mezioborové učebnice  |0 s 
856 4 1 |u http://www.digitalniknihovna.cz/mzk/uuid/uuid:32078200-58e7-11e4-8b11-005056827e51  |y Digitalizovaný dokument  |x NDK 
910 2 |a BOA001  |b 2-1243.920 
990 |a BK 
995 |a 01 
991 |b 201006  |c NOV  |j 341 SVO 
996 6 |b 2610438346  |c 2-1243.920  |l MZK  |r Sklad / do 1 hodiny  |n 1  |p p.v.  |w 001124478  |u 000010  |a 1  |e BOA001  |j MZK50  |s P 
996 7 |b 2610476377  |c 2-1243.920  |l MZK  |r Sklad / do 1 hodiny  |n 33  |p kup  |w 001124478  |u 000020  |a 1  |e BOA001  |j MZK50  |s A